Badaganadu brahmanara itihasa (Record no. 215151)
[ view plain ]
| 000 -LEADER | |
|---|---|
| fixed length control field | 00663nam a2200217Ia 4500 |
| 003 - CONTROL NUMBER IDENTIFIER | |
| control field | OSt |
| 005 - DATE AND TIME OF LATEST TRANSACTION | |
| control field | 20240613155338.0 |
| 008 - FIXED-LENGTH DATA ELEMENTS--GENERAL INFORMATION | |
| fixed length control field | 210719s2008 xx 000 0 und d |
| 040 ## - CATALOGING SOURCE | |
| Transcribing agency | AL |
| 041 ## - LANGUAGE CODE | |
| Language code of text/sound track or separate title | Kannada |
| 082 ## - DEWEY DECIMAL CLASSIFICATION NUMBER | |
| Classification number | 305.8954K GOPB |
| 100 ## - MAIN ENTRY--PERSONAL NAME | |
| Personal name | GOPALAKRASHNA (B V) |
| Dates associated with a name | ಗೋಪಾಲಕೃಷ್ಣ (ಬಿ ವಿ) |
| 9 (RLIN) | 170652 |
| 245 ## - TITLE STATEMENT | |
| Title | Badaganadu brahmanara itihasa |
| Remainder of title | ಬಡಗನಾಡು ಬ್ರಾಹ್ಮಣರ ಇತಿಹಾಸ |
| 260 ## - PUBLICATION, DISTRIBUTION, ETC. | |
| Place of publication, distribution, etc. | Bengaluru |
| Date of publication, distribution, etc. | 2008 |
| 300 ## - PHYSICAL DESCRIPTION | |
| Extent | 159 |
| Other physical details | HB |
| 365 ## - TRADE PRICE | |
| Price amount | 80 |
| Currency code | Rs |
| 650 ## - SUBJECT ADDED ENTRY--TOPICAL TERM | |
| Topical term or geographic name entry element | Social Groups |
| 9 (RLIN) | 170653 |
| 650 ## - SUBJECT ADDED ENTRY--TOPICAL TERM | |
| Topical term or geographic name entry element | Sociology |
| 9 (RLIN) | 170654 |
| 906 ## - LOCAL DATA ELEMENT F, LDF (RLIN) | |
| a | Badaganadu ; brahmanara ; itihasa |
| 942 ## - ADDED ENTRY ELEMENTS (KOHA) | |
| Source of classification or shelving scheme | Dewey Decimal Classification |
| Koha item type | Book |
| Withdrawn status | Lost status | Damaged status | Not for loan | Collection code | Home library | Current library | Date acquired | Source of acquisition | Cost, normal purchase price | Total Checkouts | Full call number | Barcode | Date last seen | Price effective from | Koha item type |
|---|---|---|---|---|---|---|---|---|---|---|---|---|---|---|---|
| St Aloysius Library | St Aloysius Library | 01/06/2010 | Central Institute of Indian Languages | 80.00 | 305.8954K GOPB | D03767 | 07/19/2021 | 07/19/2021 | Donated Books |